| 000 | 01194nam a2200241Ia 4500 | ||
|---|---|---|---|
| 003 | Ost | ||
| 005 | 20260507075356.0 | ||
| 008 | 260507s9999||||xx |||||||||||||| ||und|| | ||
| 020 | _a7424328977 | ||
| 040 | _cfsecg | ||
| 041 | _aara | ||
| 082 | _a330 | ||
| 100 |
_aعبد السميع، أسامة السيد _eمؤلف |
||
| 245 | 0 |
_aالفساد الإقتصادي وأثره على المجتمع : _bدراسة فقهية مقارنة بالقانون والإقتصاد / _c أسامة السيد عبد السميع |
|
| 260 |
_aالإسكندرية: _bدار الجامعة الجديدة للنشر, _c2009 |
||
| 300 |
_a358 صفحة؛ _bإيضاحات ؛ _c25 سم |
||
| 504 | _aالملاحق ص211 ؛ مصادر البحث ص.323 | ||
| 520 | _aصور الفساد الإقتصادي في المجتمع وآثارها الإقتصادية- علاج الفساد الإقتصادي وأثر ذلك- عقوبة الفساد الإقتصادي في الفقه الإسلامي والقانون الوضعي | ||
| 653 | _aالإقتصاد | ||
| 653 | _aالفساد الإقتصادي | ||
| 653 | _aمشكلات الإجتماعية والإقتصادية | ||
| 942 | _cكتاب | ||
| 999 |
_c44213 _d44213 |
||